00366nas a22001217a 4500008004100000022001400041245003200055260010600087300000900193310001400202546001400216650001400230130327t20109999ag ||||| |||| 00| 0 spa d a1853-1563 aRevista Pediatrica Elizalde aBuenos Aires,bAsociación de Profesionales del Hospital General de Niños Pedro de Elizalde:c2010 av. : asemestral aespañol aPEDIATRIA